000
00224 a2200097 4500
001
14183
100
_a
Birley
245
_a
the education officer and his world
260
_a
London
_b
Routledge Kegan
_c
090
_c
11127
_d
11127
942
_a
NUST-CAE
_c
M
_c
1256
999
_c
249256
_d
249256